Συγκριτική των οικονομικών συστημάτων

Αποθηκεύτηκε σε:
Λεπτομέρειες βιβλιογραφικής εγγραφής
Κύριος συγγραφέας: Χουμανίδης, Λάζαρος Θ. 1921-
Μορφή: Βιβλίο
Γλώσσα:Greek
Δημοσίευση: Αθήνα : Παπαζήσης, 1988
Θέματα:
Ετικέτες: Προσθήκη ετικέτας
Δεν υπάρχουν, Καταχωρήστε ετικέτα πρώτοι!

MARC

LEADER 00000nam a2200000 i 4500
001 1/57299
008 960517s1988 gre d
035 |l 10028168 
040 |a GR-MY-UA  |b gre  |e aacr 
041 0 |a gre 
082 0 |a 330.12 
100 1 |a Χουμανίδης, Λάζαρος Θ.  |d 1921- 
245 1 0 |a Συγκριτική των οικονομικών συστημάτων /  |c Λ.Θ.Χουμανίδης 
260 |a Αθήνα :   |b Παπαζήσης,   |c 1988 
300 |a 394 σ. 
500 |a Περιλαμβάνει βιβλιογραφία 
650 0 0 |a Economics. 
852 |a INST  |b CHIOS  |e 19960517  |h 330.12 ΧΟΥ  |p 005200008306  |q 005200008306  |t BK  |y 0 
909 |a Χ  |b 043326